LEADER 00757naa a2200217 u 4500 001 000000103243 003 CaOOAMICUS 005 20070226130215.0 008 061103s1972 gw u000 u ger u 020 $a3-11-003928-1 035 $a11105261 040 $aIAR$bita 100 1 $aGigon, Olof Alfred,$d1912-$0(OLS)http://pul/name/631 245 10$aCicero und Aristoteles /$cOlof Gigon. 260 $aBerlin :$bde Gruyter,$c1972. 300 $aS. 305-325 ;$c24 cm 500 $aIAR: CFA.157 773 0 $aGigon, Olof Alfred.$tStudien zur antiken Philosophie$w()566 996 $6020$a3-11-003928-1$9(OLS)http://pul/number/709 996 $6245$aCicero und Aristoteles$9(OLS)http://pul/title/130150 996 $6260$aBerlin :$bde Gruyter$9(OLS)http://pul/publisher/48196 LEADER 00864nam a2200241 u 4500 001 000000111920 003 CaOOAMICUS 005 20080528121109.0 008 080528s1946 nyu u000 u eng u 040 $aPUL$bita$dLDB 100 1 $aJoyce, James,$d1882-1941.$0(OLS)http://pul/name/37482 240 10$aUlysses.$0(OLS)http://pul/title/70381 245 10$aUlysses /$cJames Joyce. 260 $aNew York :$bRandom House,$c1946. 300 $axvii, 767 p. ;$c22 cm. 490 1 $aThe modern library 830 4$aThe modern library.$0(OLS)http://pul/title/86174 850 $aPUL 852 $aPUL$W1$xDP1 Fondo Fallaci$y66$mB IV 4.6$j128160$qFondi$B126970$CPULBib$Z2$F126970 $82 941 1 $a1 961 $aEx libris Oriana Fallaci 996 $6245$aUlysses$9(OLS)http://pul/title/140736 996 $6260$aNew York :$bRandom House$9(OLS)http://pul/publisher/66269